[Event "Mittelrhein Verbandsliga Sued 1920"]
[Site "Mittelrhein"]
[Date "2020.02.16"]
[Round "6.2"]
[White "Schott, Guido"]
[Black "Borriss, Claudia"]
[Result "1/2-1/2"]
[WhiteElo "1996"]
[BlackElo "2015"]
[PlyCount "65"]
[EventDate "2019.09.29"]
[EventType "team-tourn"]
[EventRounds "9"]
[EventCountry "GER"]
[SourceTitle "EXT 2023"]
[Source "ChessBase"]
[SourceDate "2022.10.05"]
[SourceVersion "1"]
[SourceVersionDate "2022.10.05"]
[SourceQuality "1"]
[WhiteTeam "Hennef"]
[BlackTeam "Siebengebirge"]
[WhiteTeamCountry "GER"]
[BlackTeamCountry "GER"]

1. Nf3 Nf6 2. b3 b6 3. g3 Bb7 4. Bg2 g6 5. 0-0 Bg7 6. Bb2 0-0 7. d3 d5 8. Nbd2 c5 9. e4 Qc8 10. Qe2 dxe4 11. dxe4 Nc6 12. e5 Ne8 13. Rad1 Nc7 14. Rfe1 Ne6 15. Nc4 Rd8 16. c3 Qc7 17. a4 Rxd1 18. Rxd1 Rd8 19. Rxd8+ Qxd8 20. Bc1 Ba6 21. h4 Bxc4 22. bxc4 Qd7 23. Bh3 Ncd8 24. a5 bxa5 25. Be3 Qa4 26. Qd3 Qc6 27. Bg2 Qc7 28. h5 Nc6 29. hxg6 hxg6 30. Bh3 Nxe5 31. Nxe5 Qxe5 32. Bxe6 Qxe6 33. Qd8+ 1/2-1/2

[Event "Mittelrhein Verbandsliga-S 18/19"]
[Site "Nordrheinwestfalen"]
[Date "2018.09.30"]
[Round "2.3"]
[White "Evers, Leo"]
[Black "Borriss, Claudia"]
[Result "1-0"]
[WhiteElo "1997"]
[BlackElo "2018"]
[PlyCount "91"]
[EventDate "2018.09.02"]
[EventType "team-tourn"]
[EventRounds "11"]
[EventCountry "GER"]
[SourceTitle "EXT 2022"]
[Source "ChessBase"]
[SourceDate "2021.10.06"]
[SourceVersion "1"]
[SourceVersionDate "2021.10.06"]
[SourceQuality "1"]
[WhiteTeam "Porz SG IV"]
[BlackTeam "Siebengebirge"]
[WhiteTeamCountry "GER"]
[BlackTeamCountry "GER"]

1. d4 Nf6 2. c4 e6 3. g3 Be7 4. Bg2 d5 5. Nf3 0-0 6. 0-0 c5 7. cxd5 exd5 8. Nc3 h6 9. b3 Nc6 10. Bb2 Be6 11. Rc1 b6 12. Na4 Nxd4 13. Nxd4 cxd4 14. Qxd4 Rc8 15. Rxc8 Qxc8 16. Rc1 Qa6 17. Qd3 Qxd3 18. exd3 Rc8 19. Rxc8+ Bxc8 20. Be5 Bf5 21. Bb8 b5 22. Nc3 b4 23. Nxd5 Nxd5 24. Bxd5 Bxd3 25. Bxa7 Bb1 26. f3 Bxa2 27. Kf2 Bb1 28. Be4 Bxe4 29. fxe4 Bd6 30. Ke3 h5 31. Kd4 h4 32. e5 Bc7 33. Bc5 Bd8 34. Bxb4 h3 35. Kd5 f5 36. Kc6 Bg5 37. e6 Bf6 38. Kd7 g5 39. Bc3 f4 40. gxf4 g4 41. Bxf6 g3 42. e7 gxh2 43. e8Q+ Kh7 44. Qh5+ Kg8 45. Qg6+ Kf8 46. Be7# 1-0

[Event "Mittelrhein Verbandsliga-O 16/17"]
[Site "Nordrheinwestfalen"]
[Date "2016.10.02"]
[Round "2"]
[White "Dreiocker, Andreas"]
[Black "Borriss, Claudia"]
[Result "1/2-1/2"]
[WhiteElo "1870"]
[BlackElo "2003"]
[PlyCount "39"]
[EventDate "2016.09.11"]
[EventType "team-tourn"]
[EventRounds "11"]
[EventCountry "GER"]
[SourceTitle "EXT 2022"]
[Source "ChessBase"]
[SourceDate "2021.10.06"]
[SourceVersion "1"]
[SourceVersionDate "2021.10.06"]
[SourceQuality "1"]
[WhiteTeam "Bergische SF II"]
[BlackTeam "Siebengebirge"]
[WhiteTeamCountry "GER"]
[BlackTeamCountry "GER"]

1. e4 c5 2. d4 cxd4 3. c3 dxc3 4. Nxc3 d6 5. Bc4 Nc6 6. Nf3 e6 7. 0-0 Be7 8. Qe2 a6 9. Rd1 Qc7 10. a3 Nf6 11. h3 0-0 12. Bf4 Nd7 13. Rac1 Nde5 14. Ba2 Qb8 15. Qe3 b5 16. Nd4 Nxd4 17. Qxd4 Ra7 18. b4 h6 19. Ne2 Bd7 20. Qe3 1/2-1/2

[Event "BL 1415 (Women)"]
[Site "Germany"]
[Date "2014.11.30"]
[Round "4.6"]
[White "Endress, Anna"]
[Black "Borriss, Claudia"]
[Result "1/2-1/2"]
[WhiteElo "2131"]
[BlackElo "2140"]
[PlyCount "29"]
[EventDate "2014.09.27"]
[EventType "team-tourn"]
[EventRounds "11"]
[EventCountry "GER"]
[SourceTitle "CBM 166 Extra"]
[Source "ChessBase"]
[SourceDate "2015.06.18"]
[SourceVersion "1"]
[SourceVersionDate "2015.06.18"]
[SourceQuality "1"]
[WhiteTeam "Friedberg (W)"]
[BlackTeam "Halle USV (W)"]
[WhiteTeamCountry "GER"]
[BlackTeamCountry "GER"]

1. e4 c5 2. Nf3 d6 3. d4 cxd4 4. Nxd4 Nf6 5. Nc3 a6 6. Be2 e5 7. Nb3 Be7 8. Bg5 Nbd7 9. Qd2 b5 10. Nd5 Nxd5 11. Qxd5 Nb6 12. Bxe7 Kxe7 13. Qd2 f6 14. Rd1 Qc7 15. f4 1/2-1/2

[Event "BL 1314 (Women)"]
[Site "Germany"]
[Date "2013.10.05"]
[Round "1.5"]
[White "Borriss, Claudia"]
[Black "Padurariu, Ioana Smaranda"]
[Result "1/2-1/2"]
[WhiteElo "2146"]
[BlackElo "2205"]
[PlyCount "97"]
[EventDate "2013.10.04"]
[EventType "team-tourn"]
[EventRounds "11"]
[EventCountry "GER"]
[SourceTitle "EXT 2018"]
[Source "ChessBase"]
[SourceDate "2017.10.13"]
[SourceVersion "1"]
[SourceVersionDate "2017.10.13"]
[SourceQuality "1"]
[WhiteTeam "Halle Volksbank (W)"]
[BlackTeam "Friedberg (W)"]
[WhiteTeamCountry "GER"]
[BlackTeamCountry "GER"]

1. d4 Nf6 2. Nf3 e6 3. g3 b6 4. Bg2 Bb7 5. 0-0 Be7 6. c4 0-0 7. Nc3 Ne4 8. Qc2 Nxc3 9. bxc3 f5 10. d5 Na6 11. Nd4 Nc5 12. Ba3 Qc8 13. Rad1 Rb8 14. Bxc5 Bxc5 15. Nb3 Bd6 16. Nd4 a5 17. e3 g6 18. f4 e5 19. c5 exd4 20. cxd6 dxe3 21. dxc7 Qxc7 22. Rfe1 Qc5 23. Kh1 Rfe8 24. Qb3 d6 25. c4 Ba6 26. Bf1 Rbc8 27. Rc1 Re4 28. Rb1 Bxc4 29. Bxc4 Qxc4 30. Qxc4 Rcxc4 31. Rxb6 Rcd4 32. Rxd6 Rd2 33. Kg1 Rxa2 34. Ra6 a4 35. d6 Rd2 36. Rc1 e2 37. Re1 Kf7 38. Ra7+ Ke6 39. Rxh7 Kxd6 40. Rg7 Re6 41. Ra7 Ra2 42. Kf2 a3 43. h4 Kc6 44. Ra6+ Kd5 45. Ra5+ Kd4 46. Ra8 Kd5 47. Ra5+ Kd4 48. Ra8 Kd5 49. Ra5+ 1/2-1/2

[Event "BL 1213 (Women)"]
[Site "Germany"]
[Date "2012.12.02"]
[Round "4.6"]
[White "Borriss, Claudia"]
[Black "Buechle, Regina"]
[Result "1/2-1/2"]
[WhiteElo "2142"]
[BlackElo "1977"]
[PlyCount "44"]
[EventDate "2012.10.06"]
[EventType "team-tourn"]
[EventRounds "11"]
[EventCountry "GER"]
[SourceTitle "EXT 2014"]
[Source "ChessBase"]
[SourceDate "2013.11.20"]
[SourceVersion "1"]
[SourceVersionDate "2013.11.20"]
[SourceQuality "1"]
[WhiteTeam "Halle Volksbank (W)"]
[BlackTeam "Wattenscheid (W)"]
[WhiteTeamCountry "GER"]
[BlackTeamCountry "GER"]

1. d4 d5 2. Nf3 c6 3. g3 Nf6 4. Bg2 Bf5 5. 0-0 h6 6. c4 e6 7. Nc3 Be7 8. Qb3 Qb6 9. c5 Qxb3 10. axb3 Nbd7 11. b4 0-0 12. b5 Ne4 13. bxc6 bxc6 14. Ra6 Rfc8 15. Bf4 g5 16. Be3 Nxc3 17. bxc3 Nb8 18. Ra2 Rc7 19. Rb2 Nd7 20. Ra1 Rb8 21. Rxb8+ Nxb8 22. Nd2 Rb7 1/2-1/2

[Event "Mittelrhein Verbandsliga-O 1112"]
[Site "Germany"]
[Date "2012.05.20"]
[Round "11"]
[White "Borriss, Claudia"]
[Black "Wagner, Rainer"]
[Result "0-1"]
[WhiteElo "2022"]
[BlackElo "2049"]
[PlyCount "173"]
[EventDate "2011.09.18"]
[EventType "team-tourn"]
[EventRounds "11"]
[EventCountry "GER"]
[SourceTitle "EXT 2013"]
[Source "ChessBase"]
[SourceDate "2012.11.22"]
[SourceVersion "1"]
[SourceVersionDate "2012.11.22"]
[SourceQuality "1"]
[WhiteTeam "Siebengebirge"]
[BlackTeam "Bonn Stadtverwaltung"]
[WhiteTeamCountry "GER"]
[BlackTeamCountry "GER"]

1. d4 d5 2. Nf3 Nf6 3. g3 c5 4. Bg2 cxd4 5. Nxd4 e5 6. Nf3 Nc6 7. 0-0 h6 8. b3 Be6 9. Bb2 Qc7 10. Na3 Rd8 11. e3 a6 12. Qe2 Be7 13. c4 e4 14. Nd2 Bg4 15. f3 exf3 16. Bxf3 Bxf3 17. Nxf3 dxc4 18. Nxc4 b5 19. Nce5 Nxe5 20. Bxe5 Qb6 21. Rac1 Qe6 22. Bd4 0-0 23. Ne5 Rc8 24. Qf3 Ba3 25. Rc6 Rxc6 26. Qxc6 Qxc6 27. Nxc6 Ne4 28. b4 Re8 29. Rf4 Ng5 30. Rf5 Re6 31. Rc5 Ne4 32. Rc2 Nd6 33. Bc5 Nc4 34. Ne7+ Kh7 35. Nd5 Bb2 36. a4 Rc6 37. Kf2 Be5 38. axb5 axb5 39. Ke2 Nd6 40. Kd3 Nb7 41. Bd4 Rxc2 42. Kxc2 Bxd4 43. exd4 Kg6 44. Kd3 Nd6 45. g4 Kg5 46. Ne3 Kf4 47. h3 g6 48. Nd5+ Kg3 49. Nf6 Kxh3 50. d5 Kh4 51. Kd4 Nb7 52. Ke5 Kg5 53. Ne4+ Kxg4 54. Nc5 Nd8 55. Kf6 h5 56. Ke7 h4 57. Kxd8 h3 58. Ne4 h2 59. Nf2+ Kf3 60. Nh1 Kg2 61. d6 Kxh1 62. d7 Kg2 63. Kc7 h1Q 64. d8Q Qc1+ 65. Kb6 Qc4 66. Qg5+ Kf3 67. Qxb5 Qxb5+ 68. Kxb5 g5 69. Kc6 g4 70. b5 g3 71. b6 g2 72. b7 g1Q 73. b8Q Qg6+ 74. Kc5 Qf5+ 75. Kc6 Qe6+ 76. Kc5 f5 77. Qh2 Qe3+ 78. Kc6 f4 79. Qh1+ Kg3 80. Kd6 f3 81. Qh5 Qf4+ 82. Kd5 f2 83. Qg6+ Kh2 84. Qh5+ Kg2 85. Qg6+ Qg3 86. Qc2 Kg1 87. Qc5 0-1

[Event "Mittelrhein Verbandsliga-O 1112"]
[Site "Germany"]
[Date "2012.03.18"]
[Round "8"]
[White "Wecker, Martin"]
[Black "Borriss, Claudia"]
[Result "1/2-1/2"]
[WhiteElo "2015"]
[BlackElo "2022"]
[PlyCount "81"]
[EventDate "2011.09.18"]
[EventType "team-tourn"]
[EventRounds "11"]
[EventCountry "GER"]
[SourceTitle "EXT 2013"]
[Source "ChessBase"]
[SourceDate "2012.11.22"]
[SourceVersion "1"]
[SourceVersionDate "2012.11.22"]
[SourceQuality "1"]
[WhiteTeam "Godesberg IV"]
[BlackTeam "Siebengebirge"]
[WhiteTeamCountry "GER"]
[BlackTeamCountry "GER"]

1. e4 c5 2. c3 d5 3. exd5 Qxd5 4. d4 Nf6 5. Nf3 Nc6 6. Be3 cxd4 7. cxd4 e6 8. Nc3 Bb4 9. a3 Bxc3+ 10. bxc3 0-0 11. Bd3 e5 12. dxe5 Nxe5 13. Bxh7+ Kxh7 14. Qxd5 Nxd5 15. Nxe5 f6 16. Nf3 Bg4 17. c4 Nxe3 18. fxe3 Rac8 19. Rc1 Rc5 20. Kf2 Rfc8 21. Nd4 Rxc4 22. Rxc4 Rxc4 23. Rb1 b6 24. Rb2 Bd7 25. Rb3 Rc5 26. Kf3 Bc8 27. g4 Bb7+ 28. Kg3 Bd5 29. Rd3 Be4 30. Rb3 g5 31. Nb5 Rc2 32. h4 Rg2+ 33. Kh3 Bf3 34. hxg5 fxg5 35. Nxa7 Rxg4 36. Rxb6 Rg2 37. Nc6 g4+ 38. Kh4 Ra2 39. Rb3 Rh2+ 40. Kg5 Bxc6 41. Kxg4 1/2-1/2

[Event "Mittelrhein Verbandsliga-O 1112"]
[Site "Germany"]
[Date "2012.02.05"]
[Round "6"]
[White "Eising, Johannes"]
[Black "Borriss, Claudia"]
[Result "1-0"]
[WhiteElo "2115"]
[BlackElo "2022"]
[PlyCount "57"]
[EventDate "2011.09.18"]
[EventType "team-tourn"]
[EventRounds "11"]
[EventCountry "GER"]
[SourceTitle "EXT 2013"]
[Source "ChessBase"]
[SourceDate "2012.11.22"]
[SourceVersion "1"]
[SourceVersionDate "2012.11.22"]
[SourceQuality "1"]
[WhiteTeam "Koeln Porz III"]
[BlackTeam "Siebengebirge"]
[WhiteTeamCountry "GER"]
[BlackTeamCountry "GER"]

1. c4 Nf6 2. Nc3 c5 3. Nf3 Nc6 4. d4 cxd4 5. Nxd4 g6 6. e4 Bg7 7. Be3 0-0 8. Be2 d6 9. 0-0 Qd7 10. h3 b6 11. Nxc6 Qxc6 12. Bf3 e5 13. Rc1 Ba6 14. b3 Rac8 15. Qd2 Ne8 16. Rfd1 Qd7 17. Be2 Kh8 18. f4 exf4 19. Bxf4 Qe7 20. Nd5 Qe6 21. Bg4 f5 22. exf5 gxf5 23. Bf3 Bb7 24. Re1 Bxd5 25. Rxe6 Bxe6 26. Re1 Bg8 27. Bh6 Rc7 28. Bxg7+ Rxg7 29. Bc6 1-0

[Event "Mittelrhein Verbandsliga-O 1112"]
[Site "Germany"]
[Date "2011.12.11"]
[Round "4"]
[White "Borriss, Claudia"]
[Black "Koenig, Christian"]
[Result "1/2-1/2"]
[WhiteElo "2022"]
[BlackElo "2034"]
[PlyCount "32"]
[EventDate "2011.09.18"]
[EventType "team-tourn"]
[EventRounds "11"]
[EventCountry "GER"]
[SourceTitle "EXT 2013"]
[Source "ChessBase"]
[SourceDate "2012.11.22"]
[SourceVersion "1"]
[SourceVersionDate "2012.11.22"]
[SourceQuality "1"]
[WhiteTeam "Siebengebirge"]
[BlackTeam "Lohmar"]
[WhiteTeamCountry "GER"]
[BlackTeamCountry "GER"]

1. d4 e6 2. Nf3 f5 3. g3 Nf6 4. Bg2 Be7 5. 0-0 0-0 6. c4 c6 7. b3 a5 8. Ba3 Bxa3 9. Nxa3 Qe7 10. c5 b6 11. Rc1 Na6 12. Ne5 bxc5 13. dxc5 Nxc5 14. Bxc6 Nb7 15. Bxb7 Bxb7 16. Nb5 Nd5 1/2-1/2

[Event "Oberliga Ost-A 0405"]
[Site "Germany"]
[Date "2005.03.13"]
[Round "9.7"]
[White "Haertig, Jens"]
[Black "Borriss, Claudia"]
[Result "1-0"]
[WhiteElo "2100"]
[BlackElo "2112"]
[PlyCount "59"]
[EventDate "2004.10.10"]
[EventType "team-tourn"]
[EventRounds "11"]
[EventCountry "GER"]
[SourceTitle "EXT 2006"]
[Source "ChessBase"]
[SourceDate "2005.11.24"]
[SourceVersion "1"]
[SourceVersionDate "2005.11.24"]
[SourceQuality "1"]
[WhiteTeam "Naumburg"]
[BlackTeam "Dresden SC 1898 II"]
[WhiteTeamCountry "GER"]
[BlackTeamCountry "GER"]

1. c4 b6 2. Nc3 Bb7 3. e4 c5 4. Nf3 g6 5. d4 cxd4 6. Nxd4 Bg7 7. Be3 Nc6 8. Be2 Nf6 9. Qd2 0-0 10. f3 Rc8 11. b3 Ne8 12. Rc1 Nc7 13. Nc2 Re8 14. 0-0 d6 15. Rfd1 Qd7 16. Rf1 Red8 17. Rcd1 Qe8 18. f4 f5 19. Bf3 Na5 20. exf5 gxf5 21. Nd4 Qd7 22. Qd3 Rf8 23. Rfe1 e5 24. Bxb7 Nxb7 25. Ndb5 e4 26. Qd2 a6 27. Nxc7 Qxc7 28. Nd5 Qd8 29. Nxb6 Rc6 30. Qd5+ 1-0

[Event "BL 0405 (Women)"]
[Site "Germany"]
[Date "2005.01.09"]
[Round "5.3"]
[White "Theissl Pokorna, Regina"]
[Black "Borriss, Claudia"]
[Result "1-0"]
[WhiteElo "2372"]
[BlackElo "2112"]
[PlyCount "99"]
[EventDate "2004.11.06"]
[EventType "team-tourn"]
[EventRounds "11"]
[EventCountry "GER"]
[SourceTitle "EXT 2006"]
[Source "ChessBase"]
[SourceDate "2005.11.24"]
[SourceVersion "1"]
[SourceVersionDate "2005.11.24"]
[SourceQuality "1"]
[WhiteTeam "Rodewisch (W)"]
[BlackTeam "Dresden SC (W)"]
[WhiteTeamCountry "GER"]
[BlackTeamCountry "GER"]

1. e4 c5 2. Nf3 d6 3. d4 cxd4 4. Nxd4 Nf6 5. Nc3 a6 6. Bc4 e6 7. Bb3 Be7 8. Be3 Bd7 9. 0-0 Nc6 10. f4 Qc7 11. f5 Nxd4 12. Bxd4 b5 13. Qf3 0-0 14. a3 Rac8 15. fxe6 Bxe6 16. Nd5 Bxd5 17. exd5 Nd7 18. Qg3 Ne5 19. c3 Ng6 20. Qd3 Qb7 21. Qf5 Bd8 22. Bc2 Bb6 23. Bxb6 Qxb6+ 24. Kh1 Qe3 25. Rae1 Qh6 26. g3 Ne5 27. Rf4 Rc4 28. Be4 g5 29. Rff1 Qg6 30. Qxe5 dxe5 31. Bxg6 fxg6 32. Rxf8+ Kxf8 33. Rxe5 g4 34. Kg2 Kf7 35. Kf2 Rc8 36. Ke3 a5 37. d6 Rd8 38. Rxb5 Rxd6 39. Rxa5 Re6+ 40. Kd2 Rd6+ 41. Kc2 Rf6 42. Rd5 h5 43. a4 Ke6 44. c4 Rf2+ 45. Rd2 Rf5 46. b4 g5 47. a5 h4 48. a6 Rf3 49. Kb2 Rf8 50. b5 1-0

[Event "Travemuende op 21th"]
[Site "Travemuende"]
[Date "2004.12.29"]
[Round "5"]
[White "Borriss, Claudia"]
[Black "Marcziter, Dmitrii"]
[Result "1-0"]
[WhiteElo "2112"]
[BlackElo "2220"]
[PlyCount "95"]
[EventDate "2004.12.27"]
[EventType "swiss"]
[EventRounds "7"]
[EventCountry "GER"]
[SourceTitle "EXT 2006"]
[Source "ChessBase"]
[SourceDate "2005.11.24"]
[SourceVersion "1"]
[SourceVersionDate "2005.11.24"]
[SourceQuality "1"]

1. d4 Nf6 2. Nf3 g6 3. g3 Bg7 4. Bg2 0-0 5. 0-0 d6 6. c4 c6 7. Nc3 Nbd7 8. e4 e5 9. h3 exd4 10. Nxd4 Qb6 11. Nb3 Ne8 12. Bg5 f6 13. Be3 Qb4 14. Qe2 a5 15. Rac1 Ne5 16. Nd2 a4 17. b3 axb3 18. axb3 f5 19. Na4 Be6 20. Nb6 Ra2 21. f4 Nd7 22. Nxd7 Bxd7 23. Qd3 Be6 24. Rfd1 Ra3 25. Bd4 fxe4 26. Qxe4 Bf5 27. Qe3 Nf6 28. Bc3 Qc5 29. Bd4 Qb4 30. Bc3 Qc5 31. Bd4 Qa5 32. Qc3 Qc7 33. Qb2 Raa8 34. Ra1 Qf7 35. Re1 Rae8 36. Nf3 h5 37. Ng5 Qd7 38. Kh2 h4 39. g4 Bd3 40. Rxe8 Nxe8 41. Re1 c5 42. Bd5+ Kh8 43. Qf2 Nf6 44. Qxh4+ Nh5 45. gxh5 Rxf4 46. Bxg7+ Kxg7 47. h6+ Kh8 48. Qxf4 1-0

[Event "Travemuende op 21th"]
[Site "Travemuende"]
[Date "2004.12.29"]
[Round "6"]
[White "Degtiarev, Evgeny"]
[Black "Borriss, Claudia"]
[Result "1-0"]
[WhiteElo "2272"]
[BlackElo "2112"]
[PlyCount "69"]
[EventDate "2004.12.27"]
[EventType "swiss"]
[EventRounds "7"]
[EventCountry "GER"]
[SourceTitle "EXT 2006"]
[Source "ChessBase"]
[SourceDate "2005.11.24"]
[SourceVersion "1"]
[SourceVersionDate "2005.11.24"]
[SourceQuality "1"]

1. d4 Nf6 2. c4 e6 3. Nc3 Bb4 4. e3 c5 5. Bd3 cxd4 6. exd4 Nc6 7. Nge2 b6 8. 0-0 Bb7 9. d5 Ne5 10. a3 Be7 11. Bf4 Nxd3 12. Qxd3 exd5 13. cxd5 d6 14. Ng3 0-0 15. Nf5 Nh5 16. Bd2 Re8 17. g4 Nf6 18. h3 Rc8 19. Be3 Bf8 20. Rad1 Qd7 21. Bg5 Rxc3 22. bxc3 Nxd5 23. c4 Nc7 24. Nxd6 Bxd6 25. Qxd6 Qxd6 26. Rxd6 Ne6 27. Be3 h6 28. Rd7 Ba6 29. Rc1 Ra8 30. f4 Nf8 31. Rd6 Re8 32. Kf2 Bb7 33. f5 Bc8 34. c5 bxc5 35. Rxc5 1-0

[Event "Dresden ZMD op"]
[Site "Dresden"]
[Date "2004.07.18"]
[Round "4"]
[White "Schoehl, Gerd"]
[Black "Borriss, Claudia"]
[Result "0-1"]
[WhiteElo "1946"]
[BlackElo "2112"]
[PlyCount "71"]
[EventDate "2004.07.15"]
[EventType "tourn"]
[EventRounds "9"]
[EventCountry "GER"]
[SourceTitle "EXT 2006"]
[Source "ChessBase"]
[SourceDate "2005.11.24"]
[SourceVersion "1"]
[SourceVersionDate "2005.11.24"]
[SourceQuality "1"]

1. Nf3 Nf6 2. c4 e6 3. g3 b6 4. Bg2 Bb7 5. d4 Be7 6. 0-0 0-0 7. Nc3 Ne4 8. d5 Nxc3 9. bxc3 Bf6 10. Rb1 Re8 11. e4 exd5 12. cxd5 Bxc3 13. Qc2 Bf6 14. g4 d6 15. g5 Be7 16. h4 Nd7 17. Nd4 Nc5 18. f4 Qd7 19. Nf5 Bf8 20. Bb2 c6 21. Bh3 Qc7 22. e5 dxe5 23. d6 Bxd6 24. Nxd6 Qxd6 25. Rbd1 Qg6 26. Bf5 Qh5 27. Qf2 f6 28. fxe5 fxg5 29. Rd4 Bc8 30. Rg4 Nd3 31. Qg2 h6 32. hxg5 Bxf5 33. Rxf5 g6 34. Rf6 Nxb2 35. gxh6 Kh7 36. Rgxg6 0-1

[Event "EU-ch (Women) 5th"]
[Site "Dresden"]
[Date "2004.03.31"]
[Round "10"]
[White "Melnikova, Yana"]
[Black "Borriss, Claudia"]
[Result "1-0"]
[WhiteElo "2171"]
[BlackElo "2146"]
[PlyCount "71"]
[EventDate "2004.03.21"]
[EventType "swiss"]
[EventRounds "12"]
[EventCountry "GER"]
[SourceTitle "CBM 099 Extra"]
[Source "ChessBase"]
[SourceDate "2004.05.04"]
[SourceVersion "1"]
[SourceVersionDate "2004.05.04"]
[SourceQuality "1"]

1. e4 c5 2. Nf3 d6 3. d4 cxd4 4. Nxd4 Nf6 5. Nc3 a6 6. Be3 e5 7. Nb3 Be6 8. f3 Be7 9. Qd2 0-0 10. 0-0-0 Qc7 11. g4 Rc8 12. g5 Nh5 13. Kb1 b5 14. Nd5 Bxd5 15. exd5 Nd7 16. Bh3 Nf4 17. Bxf4 exf4 18. Rde1 a5 19. Nd4 Qb7 20. Nf5 Re8 21. Nh6+ Kf8 22. Nxf7 Ne5 23. Nxe5 dxe5 24. d6 Bd8 25. d7 Re7 26. Qd3 g6 27. Rd1 Ra6 28. Bg4 h5 29. gxh6 Rh7 30. Qc3 Qb8 31. Qc8 Rb6 32. Rd6 Rxh6 33. Re6 Kg7 34. Re8 Rh8 35. Re1 Bf6 36. Rxh8 1-0

[Event "BL 0304 (Women)"]
[Site "Germany"]
[Date "2004.03.13"]
[Round "8.4"]
[White "Schleining, Zoya"]
[Black "Borriss, Claudia"]
[Result "1-0"]
[WhiteElo "2359"]
[BlackElo "2146"]
[PlyCount "45"]
[EventDate "2003.11.29"]
[EventType "team-tourn"]
[EventRounds "11"]
[EventCountry "GER"]
[SourceTitle "EXT 2005"]
[Source "ChessBase"]
[SourceDate "2004.11.15"]
[SourceVersion "1"]
[SourceVersionDate "2004.11.15"]
[SourceQuality "1"]
[WhiteTeam "Emsdetten (W)"]
[BlackTeam "Dresden SC (W)"]
[WhiteTeamCountry "GER"]
[BlackTeamCountry "GER"]

1. Nf3 Nf6 2. c4 b6 3. g3 Bb7 4. Bg2 c5 5. 0-0 e6 6. Nc3 Be7 7. d4 cxd4 8. Qxd4 0-0 9. Rd1 Nc6 10. Qf4 Qc8 11. b3 Bb4 12. Bb2 Ne7 13. Rac1 Ng6 14. Qe3 Bc6 15. Nb5 Qb7 16. Bxf6 gxf6 17. h4 Be7 18. h5 Ne5 19. Nxe5 fxe5 20. Nd6 Qc7 21. Qxe5 f6 22. Qf4 Kh8 23. Nf7+ 1-0

[Event "BL 0304 (Women)"]
[Site "Germany"]
[Date "2003.11.29"]
[Round "3.5"]
[White "Borriss, Claudia"]
[Black "Roehl, Ivonne"]
[Result "1-0"]
[WhiteElo "2146"]
[BlackElo "1588"]
[PlyCount "65"]
[EventDate "2003.11.29"]
[EventType "team-tourn"]
[EventRounds "11"]
[EventCountry "GER"]
[SourceTitle "EXT 2005"]
[Source "ChessBase"]
[SourceDate "2004.11.15"]
[SourceVersion "1"]
[SourceVersionDate "2004.11.15"]
[SourceQuality "1"]
[WhiteTeam "Dresden SC (W)"]
[BlackTeam "Torgelow"]
[WhiteTeamCountry "GER"]
[BlackTeamCountry "GER"]

1. d4 Nf6 2. Nf3 g6 3. g3 Bg7 4. Bg2 0-0 5. 0-0 d6 6. c4 c5 7. Nc3 Nc6 8. d5 Na5 9. Nd2 Rb8 10. Rb1 Nd7 11. Qc2 a6 12. a3 b5 13. cxb5 axb5 14. b4 cxb4 15. axb4 Nc4 16. Nxc4 bxc4 17. Rd1 Ne5 18. h3 Bf5 19. Ne4 Qc8 20. f4 Nd7 21. g4 Bxe4 22. Qxe4 Rxb4 23. Rxb4 Qc5+ 24. Be3 Qxb4 25. Rb1 Qa4 26. Qxe7 Nf6 27. Qxd6 Re8 28. Rb8 c3 29. Rxe8+ Nxe8 30. Qc6 Qxc6 31. dxc6 Nc7 32. Be4 Kf8 33. Bb6 1-0